000 00463nam a22001697a 4500
003 OSt
005 20250430104146.0
008 250414s2022 ag ||||| |||| 00| 1 spa d
020 _a9789874789983
040 _cbesoc
100 1 _aGianelloni, Lila
_eautor
245 1 0 _aCamino a casa /
_cLila Gianelloni
260 _aBuenos Aires :
_bObloshka,
_c2022
300 _a108 p.
650 4 _aLiteratura argentina
_vCuentos
_ySiglo XXI
_xColección local
942 _2udc
_cOG
_n0
999 _c470
_d470